[Event "YUG-ch53"]
[Site "Belgrade "]
[Date "1998.03.23"]
[Round "10"]
[White "Gligoric, Svetozar"]
[Black "Djuric, Stefan"]
[Result "1-0"]
[WhiteElo "2480"]
[BlackElo "2520"]
[Annotator "Tsesarsky,I"]
[PlyCount "113"]
[EventDate "1998.03.14"]
[EventType "tourn"]
[EventRounds "15"]
[EventCountry "YUG"]
[EventCategory "10"]
[SourceTitle "CBM 064"]
[Source "ChessBase"]
[SourceDate "1998.06.02"]
[SourceVersion "1"]
[SourceVersionDate "1998.06.02"]
[SourceQuality "1"]

1. d4 Nf6 2. c4 g6 3. Nc3 Bg7 4. e4 O-O 5. Nf3 d6 6. Be2 c5 7. O-O cxd4 8. Nxd4
Nc6 9. Be3 Bd7 10. Qd2 Nxd4 11. Bxd4 Bc6 12. f3 Nd7 13. Rfd1 (13. b4 Bxd4+ 14.
Qxd4 Qb6 15. Qxb6 Nxb6 16. Rfc1 Rfc8 17. Kf2 Bd7 (17... a5 18. a3 axb4 19. axb4
Rxa1 20. Rxa1 Ra8 21. Rxa8+ Nxa8 22. Ke3 $11 {1/2-1/2 Hansen,C-Danner,G/Prague
Bohemians 1989 (41)}) 18. a3 Be6 19. Nd5 Bxd5 20. cxd5 $14 {1/2-1/2 Vaganian,
R-Mariotti,S/Leningrad 1977 (45)}) (13. Bf2 Qa5 14. Rfc1 Nc5 15. Rab1 Bxc3 16.
Qxc3 Qxc3 17. Rxc3 $14 {Arsovic,Z-Bakic,R/JUG-chT Budva 1996/0-1 (61)}) (13.
Bxg7 Kxg7 14. f4 (14. Kh1 a5 15. f4 Qb6 16. Rae1 Qb4 17. Rf3 Rad8 18. Bf1 a4
19. Rh3 Nf6 $132 {Dolmatov,S-Gufeld,E/USSR 1985/1-0 (54)}) (14. Rfd1 a5 15. Bf1
Rc8 16. Rac1 Qb6+ 17. Kh1 Nc5 18. b3 $14 (18. Ne2 Ne6 19. Rc3 Qb4 $132 {
1-0 Hedlund,B-Lie,E/Open-ch, Gausdal NOR 1997 (40)})) 14... Qb6+ 15. Kh1 Qc5
16. Nd5 Bxd5 17. b4 Qb6 18. cxd5 a5 19. Rab1 Kg8 20. bxa5 Qc7 21. Rb5 $16 {
1-0 Adorjan,A-Velimirovic,D/Budapest 1973 (40)}) (13. Be3 a5 {-Main Theory
Direction} (13... Qa5 14. Rfc1 Rfc8 15. a3 Qd8 16. b4 b6 17. Rab1 a5 18. Nd5
axb4 19. axb4 Ra7 20. Bg5 $14 {1-0 Khalifman,A-Collas,D/II Open, Ubeda ESP
1997 (42)})) 13... Bxd4+ 14. Qxd4 a5 (14... Qb6 15. Qxb6 Nxb6 16. Rac1 Na4 $11
{1/2-1/2 Khasin,A-Panchenko,A/Tashkent Agzamov mem 1986 (21)}) 15. b3 Qb6 16.
Qxb6 Nxb6 17. Rac1 a4 $6 (17... Rfc8 $11) (17... Nd7 18. a3 Rfc8 {1/2-1/2
Rukavina,J-Ivkov,B/Subotica YUG ch 1984}) 18. b4 a3 $2 $16 (18... Rfd8 19. Rd4
$14) 19. b5 Be8 $2 (19... Bd7 20. e5 Nc8 21. exd6 exd6 22. Ne4 Be6 23. Nxd6
Nxd6 24. Rxd6 Rfd8 25. Rcd1 Rxd6 26. Rxd6 Rc8 27. Rd4 $16) 20. e5 $1 $18 dxe5 (
20... Nc8 21. exd6 exd6 (21... Nxd6 22. Nd5 Nc8 23. c5 $16) 22. Ne4 $18) 21. c5
Nc8 (21... Nd7 22. Nd5 Nf6 (22... e6 23. Nc7 Rd8 (23... Rb8 24. Nxe8 $18) 24.
c6 $18) 23. Nxe7+ Kg7 24. c6 $18) 22. Nd5 (22. Bc4 Kg7 23. Bd5 Rb8 24. Rb1 Na7
25. Rb3 e6 26. Bc4 Rc8 27. Ne4 $16) 22... Ra5 (22... Ra7 23. Nc7 b6 24. Nd5
bxc5 25. Rxc5 Nd6 26. b6 Rd7 27. Nxe7+ Rxe7 28. Rxd6 $18) 23. c6 $2 $16 (23.
Nc7 $1 Na7 (23... b6 24. Rd8 $18) 24. c6 $1 (24. Rd8 $2 Bxb5 $17) 24... Nxc6 (
24... bxc6 25. b6 $18) 25. bxc6 Bxc6 26. Bc4 $18) 23... b6 (23... bxc6 24. b6
$1 Nxb6 (24... cxd5 25. b7 $18) 25. Nxb6 $18) 24. Ne3 $2 (24. Bc4 Kg7 25. Kf2 (
25. Rc3 f6 26. Rcd3 (26. Rdd3 Bf7 27. Rxa3 Rxa3 28. Rxa3 Nd6 $17) 26... Bf7
$132) 25... f5 26. Re1 e4 27. fxe4 fxe4+ 28. Ke3 Bf7 29. c7 Bxd5 30. Bxd5 Rxb5
31. Bxe4 Nd6 32. Bc6 Rc5 33. Rxc5 bxc5 34. Bd7 $16) 24... f6 $14 25. Nc4 $6
$132 (25. Bc4+ Kg7 26. Nd5 $14) 25... Rxb5 26. Nxa3 Ra5 27. Nb5 Bf7 28. a3 Bb3
$5 (28... Kg7 $1 29. Rc3 (29. Rd7 Be6 30. Rb7 Rd8 31. Kf2 Rd2 32. Nc7 (32. Ke3
Rxe2+ 33. Kxe2 Rxb5 $19) 32... Bf5 33. Ke1 Rb2 34. Rc3 (34. g4 Rxa3 35. Nd5 Be6
36. Nxe7 Kh6 37. Rd1 e4 38. fxe4 Rxe2+ 39. Kxe2 Bxg4+ 40. Kd2 Ra2+ 41. Ke1 Nxe7
42. Rxe7 Bxd1 43. Kxd1 Ra4 44. c7 Rc4 45. Kd2 b5 46. Kd3 g5 $17) 34... Nd6 35.
g4 Bc8 36. Rb8 Kf7 $15) (29. c7 Be8 30. Rb1 Bxb5 31. Rxb5 Rxa3 32. Rd7 (32. Rd8
Rc3) 32... Rc3 $17) 29... h5 (29... Na7 $1 30. Nxa7 Rxa7 31. c7 Rc8 32. Rd7 h5
$1 (32... e6 $2 33. Rc6 $1 Rxa3 34. Rd8 Raa8 35. Rxc8 Rxc8 36. Ba6 Be8 37. Rc3
Bd7 38. Bxc8 Bxc8 39. Rd3 $18) 33. Rxe7 (33. Rc6 $2 Be8 $19) 33... Kf8 34. Rd7
Be8 35. Rh7 Kg8 36. Re7 Kf8 $11) 30. Rd7 (30. c7 Be8 $132) 30... f5 31. Rb7 $16
) (28... Be6 29. c7 Kf7 30. Rd8 h5 31. Kf2 h4 32. Rcd1 f5 33. Rxf8+ Kxf8 34.
Rd8+ Kf7 35. Ke3 (35. Bc4 $4 Bxc4 36. Rxc8 Be6 $19) 35... g5 36. Kd2 g4 37.
fxg4 fxg4 38. Kc3 Bf5 39. Kb4 Kg7 40. Bc4 Kf6 41. Bd5 Kg5 42. Bb7 Nd6 43. Nxd6
exd6 44. Bc8 $1 Rc5 45. Bxf5 Rxc7 46. Bd3 $18) 29. Rd7 Be6 (29... Kf7 30. Rb7
h5 31. Rc3 Be6 32. Kf2 Rd8 33. Nc7 Rf8 34. Rb8 Ra7 (34... g5 35. Ba6 Bf5 36.
Bc4+ Kg6 37. Ne6 Rh8 38. c7 g4 39. Nd8 gxf3 40. gxf3 Bd7 41. Be6 Bxe6 42. Nxe6
Rd5 43. Nd8 Nd6 44. Nf7 $1 $18) 35. Nb5 (35. Nxe6 Kxe6 $132) 35... Ra5 $11) 30.
Rb7 Rd8 31. Rb8 (31. Nc7 Kf7 32. Rb8 Ra7 33. Nb5 Ra5 $11) 31... Kf7 32. Bf1 f5
(32... Rd2 $4 33. Nc7 Nd6 (33... Na7 34. Nxe6 Kxe6 35. c7 $18) 34. Nxe6 Kxe6
35. c7 $18) (32... h5 $5 33. Nc7 Ra7 34. Nxe6 Kxe6 35. c7 Rf8 36. Bb5 Kd6 37.
Rc6+ Kd7 38. Rc4+ (38. Kf2 e6 39. a4 Rxc7 40. Rcxb6+ Ke7 41. R8b7 Rxb7 42.
Rxb7+ Kd6 43. a5 Ne7 44. a6 Ra8 45. h4 Nf5 46. g3 Nd4 47. Rd7+ Kc5 48. Bf1 $11)
38... Kd6 39. Rc6+ Kd7 $11) 33. Nc7 Rxa3 $4 $18 (33... Ra7 $1 34. Nxe6 Kxe6 35.
c7 Rf8 36. Bb5 Kd6 37. Rc6+ Kd5 $11 (37... Kd7 38. Kf2 (38. Rc4+ Kd6 39. Rc6+
Kd7 $11) 38... e6 (38... Rxc7 $4 39. Rf6+ $18) (38... e4 $2 39. fxe4 fxe4+ 40.
Ke3 e6 (40... Rxa3+ $2 41. Rc3+ $18) 41. a4 Rxc7 42. Rcxb6+ Ke7 43. Rc6 $16)
39. Ke2 Rxc7 $11)) 34. Nxe6 Kxe6 35. c7 Rf8 36. Rd1 Rc3 37. Rd8 Rf6 38. Rbxc8
e4 39. Rd4 e3 40. h4 (40. f4 $18) 40... Rc1 41. Rc4 (41. Rcd8 e2 42. c8=Q+ Rxc8
43. Bxe2 $18) 41... Rxc4 42. Bxc4+ Kd6 43. Re8 Kxc7 44. Rxe7+ Kd6 45. Rxe3 f4
46. Rb3 Kc5 47. Bf1 Kc6 48. Rc3+ Kd6 49. Bd3 Ke5 50. Be4 h6 51. Rd3 Ke6 52. Rd5
Ke7 53. Kh2 Re6 54. Kh3 Kf7 55. Kg4 Rf6 56. Rd7+ Kf8 57. Rc7 1-0

[Event "Eurotel Trophy sim"]
[Site "Prague"]
[Date "2001.10.20"]
[Round "2"]
[White "Kasparov, Garry"]
[Black "Hracek, Zbynek"]
[Result "1/2-1/2"]
[WhiteElo "2838"]
[BlackElo "2610"]
[Annotator "Tsesarsky,I"]
[PlyCount "70"]
[EventDate "2001.10.18"]
[EventType "simul"]
[EventRounds "1"]
[EventCountry "CZE"]
[SourceTitle "CBM 086"]
[Source "ChessBase"]
[SourceDate "2002.02.05"]
[SourceVersion "1"]
[SourceVersionDate "2002.02.05"]
[SourceQuality "1"]

1. c4 {Ftacnik} c5 2. Nf3 g6 3. d4 cxd4 4. Nxd4 Nc6 5. e4 Nf6 6. Nc3 d6 7. f3
Bg7 (7... Nxd4 8. Qxd4 Bg7 9. Be3 O-O 10. Qd2 {-another mainline.}) 8. Be3 O-O
9. Be2 Nxd4 {The best. Another continuations are worse:} (9... Qb6 10. Nxc6 $1
(10. Qd2 $14 Nxe4 $4 11. Nxc6 $18) (10. Na4 $6 Qa5+ 11. Nc3 Nxd4 (11... Qb6)
12. Bxd4 Be6 13. O-O Rfc8 14. Nd5 (14. b3 {-like in this game, with a little
difference: K is allocated on g1 instead of h1.}) 14... Bxd5 15. exd5 Nd7 16.
Bxg7 Kxg7 17. Qd4+ Kg8 18. f4 Qc5 $11 {1-0 Schmeisser,A-Brunner,N/Selestat
2000/EXT 2001 (48)}) 10... Qxc6 (10... Qxe3 $2 11. Nxe7+ Kh8 12. Qxd6 Be6 13.
Qd2 $16) 11. Rc1 $14 {1-0 Gasthofer,V-Konotop,V/Briansk 1995/EXT 98 (27)}) (
9... Nd7 10. Nb3 $1 (10. O-O $6 Qb6 $1 11. Ncb5 $8 Nxd4 12. Bxd4 Bxd4+ 13. Qxd4
Qxd4+ 14. Nxd4 Nc5 $11 {1/2-1/2 Liang Jinrong-Pigusov,E/Beijing 1996/CBM 54
ext (61)}) 10... b6 11. Rc1 Nc5 12. Nd4 Bb7 13. Nxc6 Bxc6 14. O-O $14 {1-0
Kuzmin,A-Serra,J/Benasque 1999/EXT 2001 (35)}) ({Worth of attention} 9... e6 $5
{[%cal Gd6d5]} 10. Qd2 d5 11. Nxc6 bxc6 12. Rd1 Qe7 (12... Qa5 13. O-O Rd8 14.
cxd5 cxd5 15. exd5 exd5 16. Nb5 Qxd2 17. Rxd2 $14 {1/2-1/2 Beckwith,
P-Djerkovic,M/Toronto 1998/CBM 65 ext (26)}) 13. exd5 (13. Bg5 {[%csl Rf6]
[%cal Gg5e7,Ge4e5]} Qb4 14. cxd5 cxd5 15. exd5 Nxd5 16. Nxd5 Qxd2+ 17. Rxd2
exd5 $11) 13... exd5 14. cxd5 (14. O-O Be6 15. Na4 Rfd8 16. Bc5 Qc7 17. Qc1 $11
{1-0 Vranesic,Z-Ross,D/Ontario 1980/EXT 98 (74)}) 14... cxd5 15. O-O Rd8 16.
Bd4 $14) (9... Qa5 10. Nb3 $1 Qd8 11. Qd2 Be6 12. Rc1 $14 {1-0 Lau,R-Relange,E/
Germany 1999/GER-chT2 (43)}) 10. Bxd4 ({Here White can't play} 10. Qxd4 $2 {
because of} Ng4 $15) 10... Be6 (10... Nd7 11. Bxg7 Kxg7 12. Qd4+ f6 13. Rd1 a5
14. f4 a4 (14... Qb6 15. Qd2 Qc6 16. Nd5 Re8 17. O-O Nc5 18. Bf3 Be6 19. e5 $14
{[%csl Rc6]}) 15. h4 Qa5 16. Qe3 Qc5 17. Qf3 $14 {1-0 Rodriguez,A-Enjuto
Velasco,R/Malaga 2000/CBM 74 ext (20)}) 11. O-O (11. Rc1 Nd7 12. Be3 a6 13. O-O
Qa5 $1 $132 (13... Rc8 14. b3 b5 15. Nd5 bxc4 (15... Bxd5 16. Qxd5 $14) 16.
Rxc4 Rxc4 17. Bxc4 a5 18. Qd2 $14 {1/2-1/2 Portisch,L-Yermolinsky,A/Yerevan
1996/EXT 97 (48)})) 11... Qa5 (11... Nd7 12. Bxg7 (12. Be3 Qa5 13. Nd5 Bxd5 14.
cxd5 Rfc8 15. Qb3 Nc5 $15 {0-1 Perera,P-Ivkov,B/Las Palmas 1989/EXT 97 (40)})
12... Kxg7 13. f4 $14) (11... Nh5 12. f4 Bxd4+ 13. Qxd4 Ng7 (13... Qb6 14. Qxb6
axb6 15. f5 $16 {[%csl Rh5][%cal Ge2h5]}) 14. b3 Qa5 15. b4 Qc7 16. Rac1 Rfc8
17. Qe3 $14 (17. b5 b6 18. Bd3 Qc5 19. Qxc5 Rxc5 $15 {1-0 Arias,L-Juarez
Flores,G/Guatemala City 2000/CBM 77 ext (75)})) 12. Kh1 $1 $146 {This move is
novelty. White had tried here various possibilities:} (12. Qd2 Rfc8 13. b3 a6
14. Rfd1 (14. Be3 b5 $15) 14... Nd7 15. Bxg7 Kxg7 $132 {[%cal Gb7b5,Ga5c5]}) (
12. a3 Nd7 13. Bxg7 Kxg7 14. Qd4+ f6 15. Nd5 Bxd5 16. exd5 Qb6 {This is one of
opening main ideas: to simplify position by total exchanges and space
advantage neutralization and good counterplay on dark squares in endgame.} 17.
Qxb6 Nxb6 18. Kf2 Rfc8 19. b3 a5 20. Rac1 Rc5 21. Rfd1 Rac8 22. Rb1 R5c7 23. a4
Nd7 24. Ke3 Nc5 $11 {1/2-1/2 Lautier,J-Milos,G/Palma de Mallorca 1989/TD (42)})
({Can be recommended also} 12. Rc1 Rfc8 13. b3 Nd7 (13... Rab8 14. f4 $5 $14 (
14. Qd2 a6 15. Rfd1 b5 16. Bxf6 Bxf6 17. Nd5 Qxd2 18. Nxf6+ exf6 (18... Kg7 $5
19. Rxd2 (19. Nh5+ Kh6 20. Rxd2 Kxh5 21. f4+ Kh6 $11) 19... Kxf6 $11) 19. Rxd2
bxc4 20. Bxc4 Bxc4 21. Rxc4 Rxc4 22. bxc4 Rb6 $11 {1/2-1/2 Buckley,S-Plantet,S/
Paris 1996/Juniors (32)})) (13... a6 14. f4 (14. a4 Nd7 15. Bxg7 Kxg7 16. Qd4+
f6 17. Kh1 Qb4 18. Bd1 Nc5 19. Nd5 Bxd5 20. exd5 b5 $132 {1/2-1/2 Bartos,
A-Paulovic,M/CZE 1997/EXT 98 (64)}) 14... b5 15. f5 Bd7 16. Bxf6 Bxf6 17. Nd5
Bg5 18. Rc2 Bc6 19. Kh1 b4 (19... Bxd5 $2 20. Qxd5 {[%csl Rf7,Rg5]} Bf6 21. c5
$16 {1/2-1/2 Iljushin,A-Nevostrujev,V/Smolensk 2000/CBM 77 (58)}) 20. Bd3 $14)
14. Bxg7 Kxg7 15. f4 a6 16. f5 gxf5 17. Qd4+ f6 18. exf5 Bf7 ({Not} 18... Bxf5
19. b4 Qa3 20. Qe3 {[%csl Re7,Rf5]} e6 21. g4 Bg6 22. Qxe6 $18) 19. Bf3 Rab8
20. Bd5 $14 {1-0 Sunye Neto,J-Limp,E/BRA 1995/EXT 97 (61)}) (12. Nd5 $6 $11 {
Premature jump} Bxd5 13. exd5 Nd7 14. Bxg7 Kxg7 15. Qd4+ Kg8 16. Rfe1 Rfe8 $132
{1/2-1/2 Ibragimov,I-Filippov,V/Novgorod 1995/EXT 2000 (51)} (16... Qb6 $11)) (
{Worth of attention} 12. f4 $5 Rac8 13. b3 Rfe8 14. Rc1 a6 15. a4 Rb8 16. Kh1 (
{White avoids from} 16. Qd2 $2 Nxe4 $1) 16... Rec8 17. Qd3 Qd8 18. Rcd1 $14 {
1-0 Iljushin,A-Kurnosov,I/St Petersburg RUS 2001/The Week in Chess 345 (42)})
12... Rfc8 13. b3 Nd7 14. f4 Bxd4 15. Qxd4 Qc5 16. Qd3 {White can avoid QQ
exchange - K placed on h1.} f6 17. Qg3 (17. f5 $6 {Ftacnik} Ne5) 17... Rf8 $2
$16 (17... Re8 $142 18. Rad1 $14 (18. b4 Qxb4 19. Rab1 Qa3 20. Rxb7 Nc5 $15))
18. Rad1 $2 $14 ({Very strong was} 18. b4 $1 Qc7 $5 (18... Qxb4 19. f5 Bxc4 20.
Rab1 Qc5 21. fxg6 $16) (18... Qc6 19. c5 (19. Nd5 Rfe8 20. Bf3 Bf7 21. e5 Qxc4
22. Rfc1 $16) 19... dxc5 20. f5 Bf7 21. Bb5 Qc8 22. fxg6 Bxg6 (22... hxg6 23.
Nd5 Qd8 24. Rad1 Ne5 25. Nxf6+ exf6 26. Rxd8 $18) 23. Nd5 Rf7 24. Nc7 $16 {
[%csl Ra8,Rf7][%cal Gb5c4]}) 19. Nd5 Qd8 (19... Bxd5 20. cxd5 a5 21. Rfc1 Qd8
22. a3 $16 {[%cal Ge2g4]}) 20. Ne3 $16) 18... Rae8 {[%csl Re7][%cal Ge8e7] Now
Pe7 is protected.} 19. h3 (19. b4 $6 Qxb4 20. Rb1 Qa3 21. f5 Bf7 22. Rxb7 Nc5
$15) (19. h4 $5 $14 {[%cal Gh4h5]}) 19... Qa5 20. Bg4 {'!?' Ftacnik. Ftacnik:
'Very creative method of fighting for the advantage, black's pieces are
somewhat cramped.'} (20. b4 $6 Qxb4 21. Rb1 Qa3 22. Rxb7 Nc5 $15) 20... Bxg4
21. Qxg4 (21. hxg4 Nc5 22. Rf3 (22. f5 g5 23. Rd2 Nd7 24. Rfd1 Ne5 25. Nd5 $11)
22... Rf7 23. g5 fxg5 24. Qxg5 Ref8 25. Nd5 (25. f5 Rg7 (25... Ne6 26. Qh6 Qe5
27. Nd5 $40) 26. Nd5 gxf5 27. Nxe7+ Kh8 28. Qh6 Nxe4 29. Ng6+ Rxg6 30. Qxf8+
Rg8 31. Qf7 Qxa2 {[%csl Rg2]} 32. Rg1 Qb2 $44) 25... Qd8 26. e5 Kh8 27. b4 Ne4
28. Qg4 $132) 21... f5 (21... Qxc3 $2 22. Qxd7 $16 Qc2 23. Qxb7 Qxa2 24. Ra1
$16) 22. Qf3 fxe4 23. Nxe4 Qxa2 $2 $16 {Black lets White recieve advantage
again.} (23... b5 $142 $1 24. cxb5 Qxb5 $14) (23... Nb6 {Ftacnik} 24. a4 $14)
24. Ra1 (24. Ng5 {Ftacnik} Rf5 (24... Nc5 $2 {Ftacnik} 25. b4 Na6 26. Qd5+ Kh8
27. Qd4+ Kg8 28. f5 $16) 25. Ne6 (25. Ra1 {Ftacnik} Qb2 26. Rxa7 Nc5 27. Ne4
Qxb3 $11) 25... Nc5 26. Nxc5 dxc5 27. Ra1 Qd2 28. Rxa7 Ref8 $11) 24... Qb2 25.
Rxa7 Qd4 (25... Rb8 {Ftacnik} 26. Qd3 $16) 26. Rxb7 (26. Raa1 $6 {Ftacnik} Ne5
27. Qe2 Rxf4 $15) 26... Ne5 27. Qe2 Nd3 28. f5 $2 $11 {After this mistake
Black equalizes by force. '?!' Ftacnik. Ftacnik: 'Hracek was not happy about
his position, but this Kasparov's move gives him chances to survive.'} ({
Right was} 28. g3 $1 d5 (28... h6 29. Rf3 Qa1+ 30. Kh2 Qa8 31. Rb5 Nc1 32. Qc2
$18) 29. Ng5 (29. Nf2 $1 {Ftacnik} dxc4 30. Nxd3 cxd3 (30... Qxd3 {Ftacnik} 31.
Qxd3 cxd3 32. Rd1 $16) 31. Qe6+ Kh8 32. Rd7 Qc3 33. Rd1 $16) 29... e5 {'!'
Ftacnik.} 30. Nxh7 (30. fxe5 {Ftacnik} Rxf1+ 31. Qxf1 Nxe5 $13) 30... exf4 31.
Nf6+ (31. Re7 Rxe7 32. Qxe7 Rf5 33. gxf4 (33. g4 {Ftacnik} Nf2+ 34. Rxf2 Qxf2
35. gxf5 Qf1+ $11) 33... Nf2+ 34. Rxf2 Qxf2 35. Nf6+ Rxf6 36. Qxf6 Qf1+ $11)
31... Qxf6 32. Qxd3 d4 (32... Qc6 33. Qxd5+ Qxd5+ 34. cxd5 fxg3 35. Rxf8+ Rxf8
36. Kg2 $18) 33. Qf3 Qf5 34. g4 Qe4 35. c5 Qxf3+ 36. Rxf3 Re3 37. Kg2 Rc3 38.
Rxc3 dxc3 39. Rb4 $18 {[%csl Gc5][%cal Gb4c4]}) 28... Rxf5 $8 29. Rxf5 gxf5 30.
Qh5 (30. Ng3 {Ftacnik} Nf4 31. Qf3 e6 $14) (30. Nf6+ {Ftacnik} Qxf6 31. Qxd3
Qa1+ 32. Kh2 Qe5+ $11) 30... Ra8 31. Rxe7 (31. Qxf5 $2 Qxe4 $17) (31. Qg5+ Kh8
32. Qxe7 Ra1+ 33. Kh2 Qg1+ 34. Kg3 Qe3+ 35. Kh2 Qg1+ $11) 31... Ra1+ 32. Kh2
Qg1+ 33. Kg3 Qe1+ 34. Kh2 Qg1+ 35. Kg3 Qe1+ 1/2-1/2

[Event "Najdorf Memorial 12th"]
[Site "Buenos Aires"]
[Date "2001.09.07"]
[Round "4"]
[White "Polgar, Judit"]
[Black "Felgaer, Ruben Alejandro"]
[Result "1/2-1/2"]
[WhiteElo "2686"]
[BlackElo "2471"]
[Annotator "Tsesarsky,I"]
[PlyCount "57"]
[EventDate "2001.09.04"]
[EventType "tourn"]
[EventRounds "9"]
[EventCountry "ARG"]
[EventCategory "14"]
[SourceTitle "CBM 085"]
[Source "ChessBase"]
[SourceDate "2001.11.13"]
[SourceVersion "1"]
[SourceVersionDate "2001.11.13"]
[SourceQuality "1"]

1. e4 c5 2. Nf3 Nc6 3. d4 cxd4 4. Nxd4 g6 5. c4 Bg7 6. Be3 Nf6 7. Nc3 O-O 8.
Be2 d6 9. O-O Bd7 10. Qd2 Nxd4 11. Bxd4 Bc6 12. f3 a5 13. b3 Nd7 14. Be3 Nc5
15. Rab1 Qb6 16. Rfc1 Rfc8 17. Bf1 (17. Kh1 Qd8 18. Nd5 (18. Bd1 {-see
commented game 1-0 Lautier,J-Koch,J/Besancon 1999/CBM 73(Alterman,B] (40)})
18... Be5 {-see commented game 1/2-1/2 Tiviakov,S-Gurevich,D/Las Vegas 1999/
CBM 72(Alterman,B] (45)}) (17. Bd1 {-see commented game 1-0 Van Wely,
L-Reinderman,D/Wijk aan Zee 1999/CBM 69 (Alterman,B] (57)}) 17... h5 $5 $146 ({
More popular moves in this position are:} 17... Qb4 18. Qb2 (18. Rc2 a4 19. Nd5
Qxd2 20. Bxd2 axb3 21. axb3 Bd4+ 22. Kh1 {[%csl Re7][%cal Gd5e7]} (22. Be3 $2
Bxe3+ 23. Nxe3 Ra3 (23... Nxe4 24. fxe4 Bxe4 $15 {[%csl Rb1,Rc2]}) 24. Rcb2
Rca8 $15 {1/2-1/2 Cerisier,P-Daillet,E/Montpellier 1991/EXT 99 (48)}) 22...
Bxd5 23. cxd5 Nd7 24. Rxc8+ Rxc8 25. Rc1 Rxc1 26. Bxc1 Nc5 27. b4 Na6 28. Bd2
$14) (18. Nd5 Bxd5 (18... Qxd2 19. Bxd2 Bd4+ 20. Kh1 Bxd5 21. cxd5 e5 22. dxe6
fxe6 23. Bc4 $14 {0-1 Garza Marco,S-Mate Adan,C/Cala Galdana 1999/CBM 73 ext 
(42)}) 19. cxd5 Rcb8 20. Kh1 Qxd2 21. Bxd2 b5 22. Be3 $14 {1/2-1/2 De la Villa
Garcia,J-Spangenberg,H/Sevilla 1994/TD (37)}) 18... Qb6 19. Qf2 (19. a3 Bh6 20.
Qf2 Bxe3 21. Qxe3 Nd7 22. Kf2 Kf8 23. g3 Qxe3+ 24. Kxe3 $14 {1-0 Panno,
O-Nedilsky,D/Villa Ballester 2000/EXT 2001 (51)}) 19... h5 20. Rc2 Qd8 21. Rd1
b6 22. h3 $14 {1/2-1/2 Olafsson,H-Larsen,B/Hastings 1990/CBM 22 (58)}) ({and} 
17... Qd8 {-see commented game 1/2-1/2 De Vreugt,D-Reinderman,D/Rotterdam 2000/
CBM 77[Tsesarsky,I] (41)}) (17... Qd8 18. Qf2 Be5 19. a3 Qf8 20. Rc2 e6 21. b4
axb4 22. axb4 Na4 23. Ne2 f5 $132 {1/2-1/2 Ikonnikov,V-Loeffler,S/Tanta City
EGY 2001/The Week in Chess 337 (32)}) 18. Nd5 Bxd5 19. exd5 $6 $11 {Positional
mistake which allows Black to build blockade on the dark squares. Bf1 hasn't
enough space...} ({Much better was} 19. cxd5 $1 {[%csl Ge3,Gf1]} Qb4 20. Qd1 ({
Or} 20. Qf2 b5 21. Kh1 $1 ({Not} 21. Rc2 $6 {in view of} a4 22. a3 Qxa3 23.
bxa4 b4 (23... bxa4 24. Bc1 {[%csl Ra3]} Nxe4 $1 25. Bxa3 Nxf2 26. Rxc8+ Rxc8
27. Kxf2 Rc2+ 28. Be2 Bd4+ 29. Kf1 Ra2 30. Bb4 a3 $44) 24. Ra2 Qc3 $132) 21...
Rc7 22. Qe2 {[%csl Rb5][%cal Gf1b5]} Rb8 23. Rc2 {[%csl Rb4][%cal Ge3d2,Gd2b4]
threatening Bd2} a4 24. Bd2 $16) 20... b5 21. Kh1 $14) 19... Qb4 $1 20. Qf2 Re8
$1 {Right plan! Black promotes Pe7 and doesn't afraid of weakness d6.} 21. Rc2
(21. Re1 Bc3 22. Rec1 Be5 $132 (22... Bg7 $5)) 21... e6 $1 22. Rd1 (22. dxe6
Rxe6 {[%cal Ga5a4]} 23. Bd2 Qa3 24. Bc1 Qb4 25. Bd2 $11 {-like in our game.})
22... Rac8 23. g3 Rc7 24. dxe6 Rxe6 25. Bg5 (25. Bf4 Be5 $11) 25... a4 26. Bd2
Qa3 27. Bc1 Qb4 28. Bd2 Qa3 29. Bc1 {White hasn't any reason to avoid moves
repetition. Black threats to capture on b3, if White will capture on a4 he'll
leave with weaknesses a2 and c4.} (29. bxa4 Nxa4 $11 {[%csl Ra2,Rc4]}) 1/2-1/2